| 000 | 01013nam a2200217Ia 4500 | ||
|---|---|---|---|
| 003 | Ost | ||
| 005 | 20260416102401.0 | ||
| 008 | 260416s9999||||xx |||||||||||||| ||und|| | ||
| 040 | _cfsecg | ||
| 041 | _aara | ||
| 082 | _a371.334 | ||
| 100 |
_aSiouani، Adlane _eمؤلف |
||
| 245 | 0 |
_aInformatique / _c Adlane Siouani |
|
| 260 |
_aالجزائر _bجامعة الجزائر3: كلية العلوم الإقتصادية، العلوم التجارية وعلوم التسيير _c2020 |
||
| 300 |
_a126 ورقة _bill. _c12cm |
||
| 504 | _abibliographie p.126 | ||
| 520 | _aHistoire des ordinateurs: une brève chronologie,Ordinateur,Les composants d'ordinateur,Matériel,Logiciel,Virus informatiques,Compter,Octal,Hexadécimal,Relation avec les ordinateurs,Convertir entre les bases 2 8 10 et 16. | ||
| 653 | _aInformatique | ||
| 710 |
_aجامعة الجزائر3: كلية العلوم الإقتصادية، العلوم التجارية وعلوم التسيير _eناشر علمي |
||
| 942 | _cHANDOUT | ||
| 999 |
_c41412 _d41412 |
||